Exploring Osaka : (Record no. 13811)

000 -LEADER
fixed length control field 00421cam a2200157 a 4500
020 ## - INTERNATIONAL STANDARD BOOK NUMBER
ISBN 0834802716 :
040 ## - CATALOGING SOURCE
Transcribing agency DLC
082 00 - DEWEY DECIMAL CLASSIFICATION NUMBER
Classification number 915 WEA 1993 A102 Or.
100 1# - MAIN ENTRY--AUTHOR NAME
Personal name Dunfield, David M.
245 10 - TITLE STATEMENT
Title Exploring Osaka :
Remainder of title Japan's second city /
250 ## - EDITION STATEMENT
Edition statement 1st ed.
260 ## - PUBLICATION, DISTRIBUTION, ETC. (IMPRINT)
Place of publication New York :
Name of publisher Weatherhill,
Year of publication 1993.
300 ## - PHYSICAL DESCRIPTION
Number of Pages ix, 162 p. :
Other physical details ill. (some col.), maps ;
Dimensions 19 cm.
500 ## - GENERAL NOTE
General note Includes index.
942 ## - ADDED ENTRY ELEMENTS (KOHA)
Koha item type សៀវភៅភាសាអង់គ្លេស
952 ## - LOCATION AND ITEM INFORMATION (KOHA)
Withdrawn status [LOCAL, KOHA] 0
Holdings
Permanent Location Date acquired Koha item type Lost status Shelving location Barcode Current Location Full call number
Library Block A2017-08-31សៀវភៅភាសាអង់គ្លេស A102a20309Library Block A915 WEA 1993 A102 Or.
មជ្ឈមណ្ឌលឯការនៃសាកលវិទ្យាល័យភូមិន្ទកសិកម្មចំការដូង

Powered by Koha